000 00430cam a22001337a 4500
008 180718b1987 xxu||||| |||| 00| 0 eng d
082 _aLsx54 R299r
100 _aIndia. Planning Commission
245 _aReport of the group of officials on centrally sponsored schemes
260 _aNew Delhi
_bThe author
_c1987
300 _a121p.
500 _aChairman: J.S. Baijal
700 _aBaijal, J.S. (Chairman of the Group of Officials)
999 _c486650
_d486650